Drawing with Colour (Record no. 237889)

MARC details
000 -LEADER
fixed length control field 00300pam a2200133 a 4500
020 ## - INTERNATIONAL STANDARD BOOK NUMBER
Terms of availability
041 ## - LANGUAGE CODE
Language code of original
082 ## - DEWEY DECIMAL CLASSIFICATION NUMBER
Classification number 741.018
Item number MAR
100 ## - MAIN ENTRY--PERSONAL NAME
Personal name Judy Martin.
245 ## - TITLE STATEMENT
Title Drawing with Colour
Medium Textual Documents
260 ## - PUBLICATION, DISTRIBUTION, ETC.
Place of publication, distribution, etc. [s.l]:
Name of publisher, distributor, etc. Quantum books,
Date of publication, distribution, etc. 2003.
300 ## - PHYSICAL DESCRIPTION
Extent 143:
Other physical details paper.
930 ## - EQUIVALENCE OR CROSS-REFERENCE-UNIFORM TITLE HEADING [LOCAL, CANADA]
Uniform title 4099
Holdings
Withdrawn status Lost status Damaged status Not for loan Collection Home library Current library Date acquired Source of acquisition Cost, normal purchase price Total Checkouts Full call number Barcode Date last seen Copy number Price effective from Koha item type
          College of Fine Arts, Pune College of Fine Arts, Pune 28/08/2008 Bhararti Sahakari Grahak Bhandar 595.00   741.018 MAR FAP-4085 07/03/2023 1 07/03/2023 Book